00510nam a2200145 i 450000100060000000300090000600700030001500800410001810000240005924501630008326000530024630000280029970000160032785200210034335862ES-MaACLt|030214s1922 fr ||||1| fre d1 aBouniatian, Mentor.14aLes crises economiques b: essai de morphologie et theorie des crises economiques periodiques / cpar Mentor Bouniatian ; traduction del russe par J. Bernard. aParís : b[s.n., c1922] (eLaval : fBarmoud) aXVII, 388 p. ; c23 cm.1 aBernard, J. aES-MaACLjB-5966